| 000 | 02503cam a2200469 i 4500 | ||
|---|---|---|---|
| 999 |
_c2089 _d2089 |
||
| 001 | .b30725859 | ||
| 003 | OCoLC | ||
| 005 | 20230306133118.0 | ||
| 008 | 220612s2007 enka j 000 1 eng d | ||
| 020 |
_a9780439944014 _q(pbk.) |
||
| 020 |
_a0439944015 _q(pbk.) |
||
| 035 |
_a(OCoLC)225394458 _z(OCoLC)84150872 |
||
| 040 |
_aAU@ _beng _cAU@ _dOCLCQ _dYDXCP _dUKM _dSINLB _dOCLCQ _dOCLCF _dOCLCO _dOCLCQ _dOCL _dAUNTL _dAUHCL _dOCLCQ _dDHA _dOCLCQ _dNZBAL _dUK5EZ _dOCLCQ _dOCLCO _dRDI _dKH8 |
||
| 042 | _anbic | ||
| 043 | _ae-uk--- | ||
| 082 | 0 | 4 |
_a909.07 DEA _222 |
| 100 | 1 |
_aDeary, Terry, _d1946- _eauthor. _4aut. |
|
| 245 | 1 | 4 |
_aThe measly Middle Ages / _cTerry Deary ; illustrated by Martin Brown. |
| 264 | 1 |
_aLondon : _bScholastic Children's Books, a division of Scholastic, _c2007. |
|
| 300 |
_a140 pages : _billustrations ; _c20 cm. |
||
| 336 |
_atext _btxt _2rdacontent. |
||
| 337 |
_aunmediated _bn _2rdamedia. |
||
| 338 |
_avolume _bnc _2rdacarrier. |
||
| 490 | 1 | _aHorrible histories. | |
| 505 | 2 | _aIntroduction -- Timeline -- Nasty Normans -- Feudal fellows -- Dreadful disease -- Nutty knights -- Awful Angevins -- Foul food -- Lousy Lancastrians -- Woeful women. | |
| 520 | _aHistory with the nasty bits left in! 'The Measly Middle Ages' tells you what life was really like in days of old when knights were bold, women wore tall pointy hats and the peasants were revolting. Want to know a genuine jester's joke? Why chickens had their bottoms shaved? What ten-year-old treacle was used for? Read on for some gruesome games, revolting recipes and fantastic facts. Find out about miserable Medieval monks, the dreaded Black Death, and schools that really knew how to make children suffer. History has never been so horrible! | ||
| 521 | 8 |
_a860L _bLexile. |
|
| 648 | 7 |
_a1066-1485 _2fast. |
|
| 650 | 0 |
_aMiddle Ages _xSocial life and customs _vJuvenile literature. |
|
| 650 | 0 |
_aMiddle Ages _vJuvenile literature. |
|
| 650 | 7 |
_aMiddle Ages. _2fast _0(OCoLC)fst01020301. |
|
| 650 | 7 |
_aMiddle Ages _xSocial life and customs. _2fast _0(OCoLC)fst01020325. |
|
| 651 | 0 |
_aGreat Britain _xHistory _yMedieval period, 1066-1485 _vJuvenile literature. |
|
| 651 | 7 |
_aGreat Britain. _2fast _0(OCoLC)fst01204623. |
|
| 655 | 7 |
_aHistory. _2fast _0(OCoLC)fst01411628. |
|
| 655 | 7 |
_aJuvenile works. _2fast _0(OCoLC)fst01411637. |
|
| 699 | _aEnglish reading Lexile 860. | ||
| 699 | _aEnglish reading range 801-900. | ||
| 700 | 1 |
_aBrown, Martin, _d1959- _eillustrator. |
|
| 830 | 0 | _aHorrible histories. | |
| 942 |
_2ddc _cNFIC |
||